Didattica delle new literacies / (Record n. 32964)

000 -LEADER
fixed length control field 01060nam a22002537i 4500
001 - CONTROL NUMBER
control field IT\ICCU\MIL\1149235
003 - CONTROL NUMBER IDENTIFIER
control field ItRI
005 - DATE AND TIME OF LATEST TRANSACTION
control field 20260401170456.0
008 - FIXED-LENGTH DATA ELEMENTS--GENERAL INFORMATION
fixed length control field 250714s2025 it |||||| ||||| |||||c
020 ## - INTERNATIONAL STANDARD BOOK NUMBER
International Standard Book Number 9791220602655
040 ## - CATALOGING SOURCE
Language of cataloging ita
Transcribing agency IUSTO
041 #7 - LANGUAGE CODE
Language code of text/sound track or separate title ita
Source of code ISO-639-2
082 ## - DEWEY DECIMAL CLASSIFICATION NUMBER
Classification number 371.3344678
Edition number 23
130 0# - MAIN ENTRY--UNIFORM TITLE
Uniform title Didattica delle New Literacies
245 00 - TITLE STATEMENT
Title Didattica delle new literacies /
Statement of responsibility, etc. [a cura di] Chiara Panciroli, Pier Cesare Rivoltella ; con la collaborazione di Ylenia Battistini ... [et al.].
260 ## - PUBLICATION, DISTRIBUTION, ETC.
Place of publication, distribution, etc. Milano :
Name of publisher, distributor, etc. Mondadori università,
Date of publication, distribution, etc. 2025
300 ## - PHYSICAL DESCRIPTION
Extent X, 278 p. :
Other physical details ill. ;
Dimensions 24 cm
650 #7 - SUBJECT ADDED ENTRY--TOPICAL TERM
Topical term or geographic name entry element Didattica
General subdivision Impiego [dei] Nuovi media
Source of heading or term nsbncf
700 1# - ADDED ENTRY--PERSONAL NAME
Personal name Rivoltella, Pier Cesare
Authority record control number or standard number IT\ICCU\CFIV\112982
Relator code edt
700 1# - ADDED ENTRY--PERSONAL NAME
Personal name Panciroli, Chiara
Authority record control number or standard number IT\ICCU\LO1V\205993
Relator code edt
700 1# - ADDED ENTRY--PERSONAL NAME
Personal name Battistini, Ylenia
Authority record control number or standard number IT\ICCU\RAVV\707606
830 #0 - SERIES ADDED ENTRY--UNIFORM TITLE
Uniform title Mondadori università
Authority record control number or standard number IT\ICCU\CFI\0812608
982 #1 - EQUIVALENCE OR CROSS-REFERENCE-SERIES STATEMENT--CONFERENCE OR MEETING NAME/TITLE [LOCAL, CANADA]
Linkage z01
Meeting name or jurisdiction name as entry element n
942 ## - ADDED ENTRY ELEMENTS (KOHA)
Source of classification or shelving scheme
Koha item type Libro
981 #1 - EQUIVALENCE OR CROSS-REFERENCE-SERIES STATEMENT--CORPORATE NAME/TITLE [LOCAL, CANADA]
Linkage z01
Corporate name or jurisdiction name as entry element i
Subordinate unit xxxe
Dati di copia
Withdrawn status Lost status Source of classification or shelving scheme Damaged status Not for loan Permanent Location Current Location Date acquired Full call number Barcode Date last seen Price effective from Public note Koha item type
          Fondo IUSTO Fondo IUSTO 2026-04-01 COM.196 20260088 2026-04-01 2026-04-01 Ufficio Biblioteca Libro

© 2023 IUSTO - Istituto Universitario Salesiano Torino Rebaudengo

Contatti:
  • Email
  • Instagram
  • Gestito con Koha